000 00424nam a2200181Ia 4500
001 21076
005 20260306172852.0
008 260306t2005||||xx |||||||||||||| ||spa||
041 _aESP
082 _a344G
_bM63
100 _aMir Puig, Santiago
_eAUT
245 0 _aDerecho penal:
_bparte general
260 _c2005
300 _a781 páginas :
_c25 cm.
650 _aGEN
654 _aCDE
942 _cLIB
_dJUS
_fJUS
_2ddc
_n
999 _c21076
_d21076